| 000 | 00891cam a22002531 4500 | ||
|---|---|---|---|
| 001 | 2057 | ||
| 003 | BD-RjUL | ||
| 005 | 20211208233455.0 | ||
| 008 | 131210r19601957nyua 001 0 eng d | ||
| 035 | _a(BD-RjUL) | ||
| 035 | _a(OCoLC)230053 | ||
| 040 |
_aDLC _cODaWU _dOCoLC _dDLC _dBD-RjUL _beng |
||
| 041 | _aeng | ||
| 082 |
_a338.91 _bLEE |
||
| 100 | 1 |
_aLeibenstein, Harvey. _96730 |
|
| 245 | 1 | 0 |
_aEconomic backwardness and economic growth : _bstudies in the theory of economic development. One of a series of books from the research program of the Institute of Industrial Relations, University of California / _cHarvey Leibenstein. |
| 260 |
_aNew York : _bWiley, _cc1957 [Printing 1960] |
||
| 300 |
_a295 p. : _bill . ; _c24 cm. |
||
| 504 | _aIncludes index | ||
| 650 | 0 |
_aEconomic development. _96731 |
|
| 651 | 0 |
_aDeveloping countries. _96732 |
|
| 942 |
_2ddc _cBK |
||
| 999 |
_c2057 _d2057 |
||